Human Resource Development and Management (Record no. 93941)

MARC details
000 -LEADER
fixed length control field 00546nam a2200217Ia 4500
005 - DATE AND TIME OF LATEST TRANSACTION
control field 20230419114742.0
008 - FIXED-LENGTH DATA ELEMENTS--GENERAL INFORMATION
fixed length control field 230125s9999 xx 000 0 und d
020 ## - INTERNATIONAL STANDARD BOOK NUMBER
International Standard Book Number 9788121918053
041 ## - LANGUAGE CODE
Language code of text/sound track or separate title eng
082 ## - DEWEY DECIMAL CLASSIFICATION NUMBER
Classification number 658.312 44
Item number SHE
100 ## - MAIN ENTRY--PERSONAL NAME
Author Sheikh A M
245 ## - TITLE STATEMENT
Title Human Resource Development and Management
260 ## - PUBLICATION, DISTRIBUTION, ETC.
Date of publication, distribution, etc. 2014
Name of publisher, distributor, etc. S. Chand & Company Ltd.
Place of publication, distribution, etc. New Delhi
300 ## - PHYSICAL DESCRIPTION
Extent 375p
500 ## - GENERAL NOTE
Keywords HRM
650 ## - SUBJECT ADDED ENTRY--TOPICAL TERM
Topical term or geographic name entry element HRM
700 ## - ADDED ENTRY--PERSONAL NAME
Personal name Sheikh A M
942 ## - ADDED ENTRY ELEMENTS (KOHA)
Koha item type Books
906 ## - LOCAL DATA ELEMENT F, LDF (RLIN)
b 86.9
Holdings
Withdrawn status Lost status Damaged status Not for loan Home library Current library Date acquired Vendor Net Price Bill number Total Checkouts Full call number Barcode Date last seen Date last checked out Actual Price Bill Date Koha item type Original Barcode
        Smt. Hiraben Nanavati Institute of Management & Research for Women Smt. Hiraben Nanavati Institute of Management & Research for Women 23/02/2016 Pritam Book Centre 395.00 9787 2 658.312 44 SHE B13983 HIMR-BK-13983 09/02/2026 04/02/2026 308.10 22/02/2016 Books B13983